header

Evidence-based pediatric oncology (Record no. 61365)

MARC details
000 -LEADER
fixed length control field 01456nam a2200349 a 4500
082 04 - DEWEY DECIMAL CLASSIFICATION NUMBER
Classification number 618.92/994
245 00 - TITLE STATEMENT
Title Evidence-based pediatric oncology
250 ## - EDITION STATEMENT
Edition statement 3rd ed.
260 ## - PUBLICATION, DISTRIBUTION, ETC. (IMPRINT)
Place of publication Chichester, West Sussex :
Name of publisher Wiley-Blackwell,
Year of publication 2013.
300 ## - PHYSICAL DESCRIPTION
Number of Pages xv, 278 p.
505 0# - FORMATTED CONTENTS NOTE
Formatted contents note pt. 1. Solid tumors -- pt. 2. Leukemia -- pt. 3. Supportive care in pediatric oncology.
650 #0 - SUBJECT ADDED ENTRY--TOPICAL TERM
Topical Term Tumors in children
700 1# - ADDED ENTRY--PERSONAL NAME
Personal name Pinkerton, C. R.
Personal name Shankar, A. G.
Personal name Matthay, Katherine.
856 40 - ELECTRONIC LOCATION AND ACCESS
Uniform Resource Identifier http://site.ebrary.com/lib/rucke/Doc?id=10667428

No items available.

© 2026 Rongo University
Contact us: librarian | system librarian | Rongo university